Statistics for Countries by Population

Click here to take the quiz!

General Stats

  • This quiz has been taken 18 times
  • The average score is 27 of 35

Answer Stats

PopulationAnswer% Correct
1 Billion 415 Million 045,928China
100%
65 Million 233,271France
100%
82 Million 293,457Germany
100%
1 Billion 342 Million 512,706India
100%
130 Million 686,032Mexico
100%
143 Million, 964,709Russia
100%
46 Million 397,452Spain
100%
66 Million 573,504UK
100%
24 Million 772,247Australia
94%
210 Million 867,954Brazil
94%
127 million 185,332Japan
94%
326 Million 766,748USA
94%
36.9 MillionCanada
88%
11 Million 142,161Greece
88%
44 Million 009,214Ukraine
88%
10 Million 291,196Portugal
82%
8 Millio 751,820Austria
76%
4 Million 803,748Ireland
76%
5 Million 353,363Norway
76%
38 Million 104,832Poland
76%
9 Million 982,709Sweden
76%
11 Million 489,519Belgium
71%
7 million 036,848Bulgaria
71%
5 Million 754,356Denmark
71%
17 Million, 084,459Netherlands
71%
8 Million 452,841Israel
65%
4 Million 749,598New Zealand
65%
36 Million 373,176Afghanistan
59%
9 Million 452,113Belarus
59%
337,780Iceland
59%
10 Million 625,250Czech republic
53%
2 Million 085,051Macedonia
53%
8 Million 762,027Serbia
53%
33,400San Marino
41%
4 Million 041,526Moldova
29%

Score Distribution

Percentile by Number Answered

Percent of People with Each Score

Your Score History

You have not taken this quiz